00877nam a2200253Ia 4500003000400000005001700004008004100021020001500062040000700077041001200084082001800096100002200114245009200136260005100228300001200279365001300291650002000304650002200324700002300346906007200369942001200441999001900453952015100472OSt20250722094925.0210423s2010 xx 000 0 und d a8185989664 cAL aEnglish a070.44 bRAMP aRampal M K981470 aProject report writingb: organising and writing project report in an appropriate style aNew DelhibGalgotia Publications Pvt Ltdc2010 a333bPB b295cINR aFeatures981471 aJournalism981472 aGupta, S L9219598 aan ; appropriate ; organising ; Project ; report ; style. ; writing 2ddccBK c155389d155389 00102ddc40708PGDBMaSACPGbSACPGd2011-10-12eAthulya Booksg295.00l2o070.44 RAMPpPG001861r2025-07-22 14:42:32s2025-07-22w2021-04-26yBK